Score 0/20 Timer 04:00
1 Play Today
Character % Correct
Forrest Gump (Forrest Gump)
95.9%
Fiona (Shrek)
95.4%
Freddy Krueger (A Nightmare on Elm Street)
89.5%
Frodo Baggins (The Lord of the Rings)
86.3%
Ferris Bueller (Ferris Bueller's Day Off)
83%
Fairy Godmother (Cinderella)
68.2%
Fozzie Bear (The Muppet Movie)
67.4%
Frida Kahlo (Frida)
57.5%
Fester Addams (The Addams Family)
55.7%
Flik (A Bug's Life)
51.4%
Character % Correct
Frank Drebin (The Naked Gun)
49.8%
Flash Gordon (Flash Gordon)
42.3%
Fat Amy (Pitch Perfect)
41.4%
Filius Flitwick (Harry Potter)
41.1%
Foxy Brown (Foxy Brown)
37.8%
Fievel Mousekewitz (An American Tail)
37.2%
Fanny Brice (Funny Girl)
28.4%
Fantine (Les Misérables)
26.3%
Felicity Shagwell (Austin Powers 2)
23.5%
Fezzik (The Princess Bride)
22.9%
Remove Ads.
Support Sporcle.
Get the best of Sporcle when you Go Orange. This ad-free experience offers more features, more stats, and more fun while also helping to support Sporcle. Thank you for becoming a member.

You're not logged in!

Compare scores with friends on all Sporcle quizzes.
OR
Log In

Show Comments

Extras

Top Quizzes Today


Score Distribution

Your Account Isn't Verified!

In order to create a playlist on Sporcle, you need to verify the email address you used during registration. Go to your Sporcle Settings to finish the process.

Report this User

Report this user for behavior that violates our Community Guidelines.

Details: